Estudio morfológico y anatómico de los centenos españoles / (Record no. 20178)
[ view plain ]
| 000 -LEADER | |
|---|---|
| campo de control de longitud fija | 00843nam a2200205 i 4500 |
| 001 - NÚMERO DE CONTROL | |
| campo de control | 20178 |
| 003 - IDENTIFICADOR DE NÚMERO DE CONTROL | |
| campo de control | ES-MaACL |
| 005 - FECHA Y HORA DE LA ÚLTIMA TRANSACCIÓN | |
| campo de control | 20230906152241.0 |
| 007 - CAMPO FIJO DE DESCRIPCIÓN FÍSICA--INFORMACIÓN GENERAL | |
| campo de control de longitud fija | t| |
| 008 - DATOS DE LONGITUD FIJA--INFORMACIÓN GENERAL | |
| campo de control de longitud fija | 021107s1959 sp af |||| | spa d |
| 100 1# - ENTRADA PRINCIPAL--NOMBRE DE PERSONA | |
| Nombre de persona | Aguado Marín, Mercedes. |
| 9 (RLIN) | 18623 |
| 245 10 - MENCIÓN DEL TÍTULO | |
| Título | Estudio morfológico y anatómico de los centenos españoles / |
| Mención de responsabilidad, etc. | por Mercedes Aguado Marín y Matilde Martínez Vázquez. |
| 260 ## - PUBLICACIÓN, DISTRIBUCIÓN, ETC. | |
| Lugar de publicación, distribución, etc. | Madrid : |
| Nombre del editor, distribuidor, etc. | [s.n., |
| Fecha de publicación, distribución, etc. | 1959] ( |
| Fabricante | Imp. Suc. Rivadeneyra) |
| 300 ## - DESCRIPCIÓN FÍSICA | |
| Extensión | 227, 56 p. de lám. : |
| Otras características físicas | il. ; |
| Dimensiones | 24 cm. |
| 500 ## - NOTA GENERAL | |
| Nota general | Precede al tít.: Instituto Nacional de Investigaciones Agronómicas. Centro de Cerealicultura. |
| 650 #4 - PUNTO DE ACCESO ADICIONAL DE MATERIA--TÉRMINO DE MATERIA | |
| Término de materia o nombre geográfico como elemento de entrada | Centeno. |
| 9 (RLIN) | 165078 |
| 700 1# - ENTRADA AGREGADA--NOMBRE PERSONAL | |
| Nombre de persona | Martínez Vázquez, Matilde. |
| 9 (RLIN) | 78471 |
| 710 2# - ENTRADA AGREGADA--NOMBRE DE ENTIDAD CORPORATIVA | |
| Nombre de entidad corporativa o nombre de jurisdicción como elemento de entrada | Instituto Nacional de Investigaciones Agronómicas (España). |
| Unidad subordinada | Centro de Cerealicultura. |
| 9 (RLIN) | 5172 |
| 852 ## - LOCALIZACIÓN | |
| Ubicación | ES-MaACL |
| Número de control de estantería | C-18229 |
| Estatus retirado | Estado de pérdida | Estado de daño | No para préstamo | Biblioteca de origen | Biblioteca actual | Ubicación en estantería | Fecha de adquisición | Fuente de adquisición | Total de préstamos | Signatura topográfica completa | Código de barras | Visto por última vez | Precio de reemplazo | Tipo de ítem Koha |
|---|---|---|---|---|---|---|---|---|---|---|---|---|---|---|
| Biblioteca del Ateneo de Madrid | Biblioteca del Ateneo de Madrid | Galería | 17/01/2008 | C-18229 | 1020681 | 23/02/2023 | 23/02/2023 | Libro impreso |
